Shading And Slow Release Fertilizer Effects On The Growth Characteristics Of Assai Seedlings (Euterpe oleracea) (Registro n. 341212)
[ somente texto ]
| 000 -LÍDER | |
|---|---|
| fixed length control field | 02067nab a2200289 i 4500 |
| 003 - CÓDIGO MARC DA AGÊNCIA CATALOGADORA | |
| Campo de controle | BR-BrBNA |
| 005 - DATA E HORA DA ÚLTIMA ATUALIZAÇÃO | |
| Campo de controle | 20260402110717.0 |
| 008 - CAMPO DE TAMANHO FIXO | |
| fixed length control field | 260402b2019 bl.qr|pooa||| 00| 0 eng | |
| 040 ## - FONTE DA CATALOGAÇÃO | |
| Agência catalogadora | BR-BrBNA |
| Idioma da catalogação | eng |
| 072 ## - CATEGORIA AGRIS | |
| Código AGRIS | F04 |
| Código do objeto | 1190 |
| 072 ## - CATEGORIA AGRIS | |
| Código AGRIS | F01 |
| 100 ## - ENTRADA PRINCIPAL - NOME PESSOAL | |
| Nome pessoal | Araújo, James Maciel de |
| 100 ## - ENTRADA PRINCIPAL - NOME PESSOAL | |
| Nome pessoal | Andrade Neto, Romeu de Carvalho |
| 100 ## - ENTRADA PRINCIPAL - NOME PESSOAL | |
| Nome pessoal | Oliveira, João Ricardo de |
| 100 ## - ENTRADA PRINCIPAL - NOME PESSOAL | |
| Nome pessoal | Lunz, Aureny Maria Pereira |
| 100 ## - ENTRADA PRINCIPAL - NOME PESSOAL | |
| Nome pessoal | Almeida, Ueliton Oliveira de |
| 245 ## - TÍTULO PRINCIPAL | |
| Título principal | Shading And Slow Release Fertilizer Effects On The Growth Characteristics Of Assai Seedlings (Euterpe oleracea) |
| 500 ## - NOTA GERAL | |
| Nota geral | Publicação on-line; 43 ref.; 3 tables; 7 illus.; Summary (En) |
| 942 ## - ADDED ENTRY ELEMENTS (KOHA) | |
| Koha item type | Analítica |
| 520 ## - NOTA DE RESUMO | |
| Nota de conteúdo | <br/><br/>ABSTRACT<br/><br/>The objective of this work was to evaluate the initial growth of assai seedlings (Euterpe oleraceae)<br/>in response to shading and slow release fertilizer. The experiment was conducted at Embrapa Acre<br/>in a randomized block design using a 4 × 5 factorial scheme with three replicates and 10 plants<br/>per plot. The treatments consisted of four shade environments (20%, 30%, 50% and 75%) and five<br/>levels of slow release fertilizer (0.0, 2.5, 5.0, 7.5 and 10.0 kg m–3). The following characteristics<br/>were evaluated: plant height, number of leaves, stem diameter, leaf dry mass, stem dry mass,<br/>root dry mass, total dry mass, and seedlings quality index. The growth of assai seedlings was<br/>influenced by shade environment conditions and slow release fertilizer. Shade environment with<br/>30% or 50% and a dose of 8 kg m–3 resulted in better quality seedlings.<br/><br/>Keywords: Western Amazon, mineral nutrition, palm. |
| 650 ## - ASSUNTO - THESAGRO | |
| Cabeçalho tópico ou nome geográfico | EUTERPE OLERACEA |
| 650 ## - ASSUNTO - THESAGRO | |
| Cabeçalho tópico ou nome geográfico | AMAZÔNIA OCIDENTAL |
| 650 ## - ASSUNTO - THESAGRO | |
| Cabeçalho tópico ou nome geográfico | FERTILIDADE DO SOLO |
| 773 0# - ENTRADA ANALÍTICA | |
| Host Biblionumber | 2929 |
| Registro do item | 347952 |
| Imprenta | Rio de Janeiro-RJ Instituto de Florestas - UFRRJ 1994 |
| Outro identificador | 2025-0451 |
| Título | Floresta e Ambiente (Brazil) |
| ISSN | 1415-0980 / ISSN 2179-8087 0nline |
| Colação | v. 26(2) p. 1-10; (2019) |
| Número de controle de registro | BR2026000261 |
| 856 ## - ACESSO E ENDEREÇO ELETRÔNICO | |
| Identificador uniforme de recurso - URI | https://www.scielo.br/j/floram/a/J4vQj5wsSHYSsTtWz7c93CD/?format=pdf&lang=en |
Nenhum exemplar disponível.

BINAGRI